00501nam a2200169 a 450000100100000000500170001000800410002704000250006808200230009310000300011624500470014625000110019326000580020430000210026265000220028365000260030500002116420200930011240.0100901s1940 ag 000 f spa d aDO-SdBNPbspacBNPHU a863.5bV162p, 19401 aValera, Juan.d1824-1905.10aPepita Jímenez :bnovela /cJuan Valera. a2a ed. aBuenos Aires, (Argentina) :bSopena Argentina,c1940. a157 p. ;c23 cm. 4aNovela española 4aLiteratura española